000 00561nam a2200169Ia 4500
003 GCL
008 140319s9999 xx 000 0 ara d
040 _aGCL /
_cGCL
082 0 4 _a811.09
_bع ا
100 1 _aعبدالولى الشميرى
245 1 0 _aاوتار /
_cعبدالولى الشميرى
260 _aاليمن :
_bمؤسسة الابداع للثقافة والاداب والفنون
300 _a144 ص ؛
_c15 سم
650 0 4 _aالشعر العربى
650 0 4 _aالشعر العربى - قصائد ودواوين
942 _2ddc
_cBK
999 _c5834
_d5834